Регионална библиотека "Любен Каравелов" - Русе

Тайните на пластилина (Запис номер 158540)

MARC детайли
000 -Лидер
Контролно поле с фиксирана дължина 01618nam a2200361 a 4500
003 - Код на организацията, давaща контролен номер
Контролно поле BLK
005 - Дата и час на последна редакция
Контролно поле 20250630174704.0
008 - Елементи от данни с фиксирана дължина
fixed length control field 180410b bul|||||r ||||||| ||bul||
010 ## - Наследен системен номер
LC control number KNG00165592000
020 ## - Международен стандартен номер на книга ISBN
Международен стандартен номер на книга ISBN 9786197055030
040 ## - Източник на каталожния запис
Идентификатор на билиотеката - собственик на записа BLK
041 ## - Код за език
Код за езика на текст/звукозапис или на отделно заглавие Български
Код за езика КДБФ Български
080 ## - УДК
Текстов определител УДК Изобразително изкуство в основното училище.Методика на обучението
УДК код - определител по УДК 373.3.016:73/76
УДК - код + определител 373.3.016:73/76
100 1# - Редна дума - Автор
Автор Орен, Рони
Авторска отговорност първи автор
R(LIN) 104818
139 ## - Редно поле
Редна дума Орен, Рони
Авторски знак Оре - О 69
245 10 - Сведения за заглавието
Заглавие Тайните на пластилина
Подзаглавни данни Кн. 1 -
Редно поле (дума) Рони Орен; ил. Рони Орен ; ил. Йони Гудман ; прев. от рус. Емилия Любенова Масларова.
Том Кн. 1
Заглавие на том Домашни животни
257 ## - Страна на издаване
Страна на създаване/издаване Великобритания
260 ## - Област на издателските данни
Място на издаване, разпространение и проч. София
Име на издателя, разпространителя и проч. Лабиринт
Година на издаване 2013
Печатница (отпеч. в Полша)
9 (RLIN) 210561
Издателство - префикс ISBN 978-619-7055- ; 5-87604-
300 ## - Физическа характеристика
Размери/Мащаб 32 см
380 ## - Жанр
Жанр Детска отраслова лит.
500 ## - Общи забележки
Забележка Ориг. загл.: Farm animals / Rony Oren
653 ## - Ключова дума – ненормативна
Ключова дума моделиране
659 ## - Тематичен бюлетин
Тематичен бюлетин Н
700 1# - Други автори (авторска отговорност)
Лично име Орен, Рони
Автороска отговорност (Описва отношението между автора и произведението) ил.
9 (RLIN) 104818
700 1# - Други автори (авторска отговорност)
Лично име Гудман, Йони
Автороска отговорност (Описва отношението между автора и произведението) ил.
9 (RLIN) 334133
700 ## - Други автори (авторска отговорност)
Лично име Масларова, Емилия Любенова
Дати, свързани с автора 1956-
9 (RLIN) 363911
760 1# - Описание на основната серия
Редна дума на основното описание Орен, Рони
Място на издаване, издател и година Лабиринт, 2013
Страници - том 48 с. : с цв. ил.
Заглавие Кн. 1 Домашни животни
852 ## - Местоположение
Форматна сигнатура Цб ІІ 20215
852 ## - Местоположение
Фондова буква Детски отдел
Систематично-азбучна сигнатура 373.3.016/О-69 Р
999 ## - СИСТЕМНИ КОНТРОЛНИ НОМЕРА
Koha biblionumber 158540
Koha biblioitemnumber 158540
942 ## - АРТИКУЛИ
Вид на библиотечния материал Книги
Скрит в OPAC Не
Периодичен библиозапис Да
Koha issues (borrowed), all copies 27
944 ## - СЪЗДАВАНЕ И РЕДАКЦИЯ на ЗАПИСА
Създаване/Редакция Създаване
Дата на регистрацията/редакция 03.10.2014
Служител, извършил регистрацията/редакцията 30553
Статус, дата на статуса Иваничка Йорданова
944 ## - СЪЗДАВАНЕ И РЕДАКЦИЯ на ЗАПИСА
Създаване/Редакция Редакция
Дата на регистрацията/редакция 2021-12-13
Служител, извършил регистрацията/редакцията ГГГ
Наличности
Код за отписване Код за изгубен артикул Код за повреда Коз за рестрикции Код за отдаване Артикулен № Име на библиотеката - собственик Име на библиотеката, в която се намира в момента Статус (Текущо местоположение) Дата на вписване в системата Местоположение - отдел Цена в лева Инвентарен номер Систематично азбучна сигнатура Баркод Номер на екземпляра Цена в евро Служебна бележка Служебен тип на артикула Източник на класификационната схема
  Не е изгубен Не е повреден без рестрикции ползва се в читалня 265105 Регионална библиотека "Любен Каравелов" Русе Регионална библиотека "Любен Каравелов" Русе Хранилище 2014-10-06 Хранилище 22.90 120000781459 Цб ІІ 20215 120000781459 1 11.71 Дост: Dp Вид: Д N: 4 Дата: 31.01.2014 Книги  
  Не е изгубен Не е повреден без рестрикции заемане за дома 865292 Регионална библиотека "Любен Каравелов" Русе Регионална библиотека "Любен Каравелов" Русе Детски отдел 2021-12-16 Детски отдел 17.17   373.3.016/О 69 Р 120000863207   8.78   Книги Universal Decimal Classification
  Не е изгубен Не е повреден без рестрикции заемане за дома 865293 Регионална библиотека "Любен Каравелов" Русе Регионална библиотека "Любен Каравелов" Русе Детски отдел 2021-12-16 Детски отдел 17.17   373.3.016/О 69 Р 120000863208   8.78   Книги Universal Decimal Classification
Vip Innovations Ltd, Rousse, Bulgaria 2025